000 00356nam a2200145 i 4500
001 bg
100 1 _aDARBINJAN, Mkrtich
245 0 _aKształtowanie asortymentu a zapasy towarów /
_cM. Darbinjan.
260 _aWarszawa,
_c1977.
040 _cBPK
041 _apol
080 _a380/381:658.7
942 _cKS
008 s pl f |000 0 pol
999 _c9629
_d9629
856 _uhttp://koha.tu.koszalin.pl/cgi-bin/koha/opac-detail.pl?biblionumber=9629
_yKatalog online BPK